Vista normal
Vista MARC
Entrada Nombre personal
Número de registros utilizados en: 3
001 - NÚMERO DE CONTROL
- Campo de control: 21712
003 - IDENTIFICADOR DE NÚMERO DE CONTROL
- Campo de control: ES-MaCES
005 - FECHA Y HORA DE LA ULTIMA MODIFICACION
- Campo de control: 20240228140015.0
008 - ELEMENTOS DE DATOS DE LONGITUD FIJA
- Campo de longitud fija: 100219 | azznnaabn |n aaa d
035 ## - NÚMERO DE CONTROL DEL SISTEMA
- Número de control del sistema: CES20100002350n
040 ## - FUENTE DE LA CATALOGACIÓN
- Agencia original de catalogación: ES-MaCES
- Idioma de catalogación: spa
- Agencia de transcripción: ES-MaCES
100 1# - ENCABEZAMIENTO--NOMBRE DE PERSONA
- Nombre personal: Ramos Llanos, Antonio Javier
400 1# - TRAZADO VEÁSE--NOMBRE DE PERSONA
- Nombre personal: Ramos, Antonio Javier
901 ## - CES. DATOS SIRTEX
- ID Sirtex (N5N8): 0001500021296
- 005BIS Sirtex: 201002191213AMACIAS

